| 000 | 00833nam a2200253Ia 4500 | ||
|---|---|---|---|
| 003 | OSt | ||
| 005 | 20220923211448.0 | ||
| 006 | a|||||r|||| 00| 0 | ||
| 007 | ta | ||
| 008 | Pun | ||
| 020 |
_a9789350682098 (pbk) _c100 |
||
| 024 | _a290,289 | ||
| 037 |
_b966, 16/12/2015, H.K. Prakashan _cTextual |
||
| 040 |
_aARTS _cARTS _bPun |
||
| 041 |
_2Pun _aPun |
||
| 082 | _aO153,3N18x, Q4 | ||
| 100 |
_aਗਾਰਗੀ, ਬਲਵੰਤ _9156290 |
||
| 245 | 0 | _aਕਾਲਾ ਅੰਬ ਅਤੇ ਹੋਰ ਕਹਾਣਿਆਂ | |
| 260 |
_aਚੰਡੀਗੜ _b ਲੋਕਗੀਤ ਪ੍ਰਕਾFਨ _c2013 |
||
| 300 |
_a127ਪੰ _ccm. |
||
| 650 | _aਪੰਜਾਬੀ ਸਾਹਿਤ | ||
| 942 |
_hO153,3N18x, Q4 _cTEXL _2CC |
||
| 999 |
_c299759 _d299759 |
||